ENVIRONMENT AND ECOLOGY IN THE HISTORY OF ECONOMIC THOUGHT 1ST ED: REASSESSING THE LEGACY OF THE CLASSICS (Record no. 8288)

MARC details
000 -LEADER
fixed length control field 00416nam a2200133Ia 4500
008 - FIXED-LENGTH DATA ELEMENTS--GENERAL INFORMATION
fixed length control field 260604s9999 xx 000 0 und d
020 ## - INTERNATIONAL STANDARD BOOK NUMBER
International Standard Book Number 9781032451091
082 ## - DEWEY DECIMAL CLASSIFICATION NUMBER
Classification number 330 SCH
100 ## - MAIN ENTRY--PERSONAL NAME
Personal name SCHINCARIOL [VITOR EDUARD]
9 (RLIN) 35468
245 #0 - TITLE STATEMENT
Title ENVIRONMENT AND ECOLOGY IN THE HISTORY OF ECONOMIC THOUGHT 1ST ED: REASSESSING THE LEGACY OF THE CLASSICS
260 ## - PUBLICATION, DISTRIBUTION, ETC.
Name of publisher, distributor, etc. ROUTLEDGE
500 ## - GENERAL NOTE
General note Economy, Environmental
942 ## - ADDED ENTRY ELEMENTS (KOHA)
Koha item type Book
Holdings
Date last seen Total Checkouts Full call number Barcode Cost, replacement price Price effective from Koha item type Lost status Damaged status Not for loan Withdrawn status Home library Current library Shelving location Date acquired Cost, normal purchase price BOOK NO
06/04/2026   330 SCH 003906 16949.05 06/04/2026 Book         Indian Institute of Management Visakhapatnam Indian Institute of Management Visakhapatnam   06/04/2026 16949.05 SCH

Copyright © 2024 Indian Institute of Management Visakhapatnam
Koha v23.05